000 00500nam a2200157 i 4500
001 70319
003 ES-MaACL
005 20230906170803.0
007 t|
008 040721q19001940sp ||||1| spa d
100 1 _aGarcía Romero, Julio.
_955221
245 1 0 _aInmanencia y trascendencia de los elementos simples o compuestos de la naturaleza /
_cpor Julio García Romero.
260 _aCáceres :
_b[s.n.,
_c19--?] (
_fTip. La Minerva)
300 _a35 p. ;
_c21 cm.
852 _aES-MaACL
_jT-1376-F-9
999 _c70319
_d70319